Para comunicarnos : lengua y literatura 7 /

Guardado en:
Autor Principal: Lescano, Marta
Otros Autores: Lombardo, Silvina
Formato: Libro
Publicado: Buenos Aires : Del Eclipse, 1996
Edición:2a. ed.
Materias:
Etiquetas: Agregar Etiqueta
Sin Etiquetas, Sea el primero en etiquetar este registro!
LEADER 01196nam a22002775a 4500
001 CEM.cems009406
005 20110228132304.0
008 130507s1996##################000#0#####d
003 CEMS
020 |a 9879011120 
082 0 4 |a 468 
100 1 |a Lescano, Marta 
245 1 0 |a Para comunicarnos :  |b  lengua y literatura 7 /  |c Marta Lescano , Silvina Lombardo 
250 |a 2a. ed. 
260 |a Buenos Aires :  |b Del Eclipse,  |c 1996 
300 |a 154 p. 
500 |a Para 7ºaño Egb 
505 0 |a La conversación -- El diálogo -- La entrevista -- Cuento policial -- El relato -- La biografía -- La crónica -- Cuento de ciencia ficción -- La consigna -- La receta -- La definición -- Poesía -- El debate -- La carta -- La publicidad -- Géneros literarios -- Tipología textual -- Normativa -- Gramática y pragmática 
653 |a Lengua 
653 |a Lengua-7ºegb 
653 |a Textos 
653 |a Gramática 
700 1 |a Lombardo, Silvina 
859 |a CEMS  |b BIB. CEMS - 11 de abril  |h 468  |i L563a2  |p 19072.97  |t Ej.3  |v 7º  |3 7º 
859 |a CEMS  |b BIB. CEMS - 11 de abril  |h 468  |i L563a2  |p 19073.97  |t Ej.2  |v 7º  |3 7º 
859 |a CEMS  |b BIB. CEMS - 11 de abril  |h 468  |i L563a2  |p 19074.97  |t Ej.1  |v 7º  |3 7º